00510nam a2200193 a 4500001001300000003000900013005001700022008004100039020000900080082001500089100001600104245003000120260004200150300000900192500003500201505004200236650002200278700001600300nice12345678IN_TiNIC20260116012450.0050524s1972 dela grp 000 0 eng  ac3500a297.7bJAF aJaffar, S M aEducation in Muslim India aDelhibIdara-I-Adabiyat-I-Dillic1972 a261p aincludes index and biblioraphy2 aReference, Notes, Bibliography, Index aIslamic-Education1 aJaffar, S M